000 00487nam a2200181Ia 4500
001 7614
005 20260306160508.0
008 260306t2019||||xx |||||||||||||| ||spa||
041 _aESP
082 _a352.283
_bN93
100 _aNunja García, José Luis
_eAUT
245 0 _aLa administración y gestión pública en el proceso de descentralización del estado
260 _c2019
300 _a662 páginas :
_c25 cm.
650 _aGEN
654 _aCAN
942 _cLIB
_dJUS
_fJUS
_2ddc
_n
999 _c7614
_d7614